000 00766cam9a220020500 4500
001 qce01895434
005 20190813175527.0
008 801028s1909 nyuaf 000 0 eng d
035 _a(Sirsi) r67843
035 _a(QCAT)lss02908846
035 _a(UPRA)qce01895434
040 _dUPRA
100 1 _aHolt, L. Emmett (Luther Emmett), 1855-1924.
_qHolt, L. Emmett (Luther Emmett), 1855-1924.
_dHolt, L. Emmett (Luther Emmett), 1855-1924.
_6A28713.1
245 1 4 _aThe diseases of infancy and childhood :
_bfor the use of students and practitioners of medicine /
_cby L. Emmett Holt.
250 _a5th ed., rev. and enl.
260 _aNew York :
_bAppleton,
_c1909.
500 _aIncludes index.
949 _aRJ45
_wLC
_i-90937
_mMEDICAL
_tBOOK
_lON-SHELF
004 67843
999 _c44199
_d44199